Zásada verného a pravdivého zobrazenia skutočnosti v kontexte zamestnaneckých požitkov
Zásada verného a pravdivého zobrazenia v účtovnom systéme Slovenskej republiky. Verný a pravdivý obraz podľa IFRS. Aplikácia hlavných kvalitatívnych charakteristík: zrozumiteľnosť, relevantnosť, spoľahlivosť, porovnateľnosť. Vplyv možností vykazovania ziskov a strát poistnej matematiky podľa IAS 19...
Guardado en:
| Autor principal: | |
|---|---|
| Formato: | Capítulo de libro |
| Lenguaje: | eslovaco |
| Materias: | |
| Etiquetas: |
Sin Etiquetas, Sea el primero en etiquetar este registro!
|
MARC
| LEADER | 00000nla$a2200000$$$4500 | ||
|---|---|---|---|
| 001 | 0125057 | ||
| 005 | 20240502072425.0 | ||
| 041 | 0 | |a slo | |
| 044 | |a SK | ||
| 245 | 1 | 0 | |a Zásada verného a pravdivého zobrazenia skutočnosti v kontexte zamestnaneckých požitkov |c Lucia Števková |
| 520 | |a Zásada verného a pravdivého zobrazenia v účtovnom systéme Slovenskej republiky. Verný a pravdivý obraz podľa IFRS. Aplikácia hlavných kvalitatívnych charakteristík: zrozumiteľnosť, relevantnosť, spoľahlivosť, porovnateľnosť. Vplyv možností vykazovania ziskov a strát poistnej matematiky podľa IAS 19 na verný a pravdivý obraz. | ||
| 610 | 2 | 0 | |a účtovníctvo |
| 610 | 2 | 0 | |a výkazníctvo finančné |
| 610 | 2 | 0 | |a IFRS |
| 610 | 2 | 0 | |a výkaz ziskov a strát |
| 610 | 2 | 0 | |a matematika poistná |
| 610 | 2 | 0 | |a požitky |
| 610 | 2 | 0 | |a zamestnanci |
| 100 | 1 | |a Števková, Lucia | |